000 00601nam a22001937a 4500
005 20250403124249.0
010 _aENG-144475
020 _a9788194435792
_c1100.00
035 _aEN-128007
037 _bDBAD
082 _a342.546029
100 _aSethi, Venkat Singh
_980187
245 _aChanged security situation in Jammu and Kashmir Article 370/
_cVenkat Singh Sethi
246 _b
260 _bSumit Enterprises
_c2020
_aNew Delhi
270 _a4649/21, Ansari Road Dariya Ganj
_bNew Delhi
_e110002
300 _a199p.
_c24cm(Hb)
942 _2ddc
_cEN
_h342.546029
_mSET
999 _c210713
_d210713